<?xml version="1.0" encoding="UTF-8"?>
<record
    xmlns:xsi="http://www.w3.org/2001/XMLSchema-instance"
    xsi:schemaLocation="http://www.loc.gov/MARC21/slim http://www.loc.gov/standards/marcxml/schema/MARC21slim.xsd"
    xmlns="http://www.loc.gov/MARC21/slim">

  <leader>01198nam a2200337 i 4500</leader>
  <controlfield tag="003">CO-BoRNBP</controlfield>
  <controlfield tag="005">20250307101237.0</controlfield>
  <controlfield tag="007">ta</controlfield>
  <controlfield tag="008">231211s2023    ck a|||j      000 | spa||</controlfield>
  <datafield tag="020" ind1=" " ind2=" ">
    <subfield code="a">9786289603590</subfield>
  </datafield>
  <datafield tag="040" ind1=" " ind2=" ">
    <subfield code="a">CO-BoRNBP</subfield>
    <subfield code="b">spa</subfield>
    <subfield code="e">rda</subfield>
    <subfield code="c">CO-BoRNBP</subfield>
  </datafield>
  <datafield tag="041" ind1="1" ind2=" ">
    <subfield code="a">spa</subfield>
    <subfield code="h">eng</subfield>
  </datafield>
  <datafield tag="043" ind1=" " ind2=" ">
    <subfield code="a">n-xxu---</subfield>
  </datafield>
  <datafield tag="084" ind1=" " ind2=" ">
    <subfield code="a">C DAV14</subfield>
  </datafield>
  <datafield tag="100" ind1="1" ind2=" ">
    <subfield code="a">Davis, Lydia</subfield>
    <subfield code="d">1947-</subfield>
    <subfield code="e">autora</subfield>
    <subfield code="9">59247</subfield>
  </datafield>
  <datafield tag="245" ind1="1" ind2="0">
    <subfield code="a">Ciento cincuenta cuentos cortos </subfield>
    <subfield code="b">antolog&#xED;a personal </subfield>
    <subfield code="c">Lydia Davis ; traductor Mauricio Montiel Figueiras</subfield>
  </datafield>
  <datafield tag="250" ind1=" " ind2=" ">
    <subfield code="a">Edici&#xF3;n especial</subfield>
  </datafield>
  <datafield tag="264" ind1=" " ind2="1">
    <subfield code="a">Bogot&#xE1;, Colombia</subfield>
    <subfield code="b">Saga Libros</subfield>
    <subfield code="c">2023</subfield>
  </datafield>
  <datafield tag="300" ind1=" " ind2=" ">
    <subfield code="a">257 p&#xE1;ginas</subfield>
    <subfield code="c">22 cm</subfield>
  </datafield>
  <datafield tag="336" ind1=" " ind2=" ">
    <subfield code="a">texto</subfield>
    <subfield code="b">txt</subfield>
    <subfield code="2">rdacontent</subfield>
  </datafield>
  <datafield tag="337" ind1=" " ind2=" ">
    <subfield code="a">sin mediaci&#xF3;n</subfield>
    <subfield code="b">n</subfield>
    <subfield code="2">rdamedia</subfield>
  </datafield>
  <datafield tag="338" ind1=" " ind2=" ">
    <subfield code="a">volumen</subfield>
    <subfield code="b">nc</subfield>
    <subfield code="2">rdacarrier</subfield>
  </datafield>
  <datafield tag="521" ind1=" " ind2=" ">
    <subfield code="a">Recomendado para un p&#xFA;blico mayor de 12 a&#xF1;os</subfield>
  </datafield>
  <datafield tag="534" ind1=" " ind2=" ">
    <subfield code="t">One hundred and fifty short stories</subfield>
  </datafield>
  <datafield tag="650" ind1="1" ind2="7">
    <subfield code="a">Cuentos estadounidenses </subfield>
    <subfield code="y">Siglo XX </subfield>
    <subfield code="2">ARMARC</subfield>
    <subfield code="9">1047</subfield>
  </datafield>
  <datafield tag="650" ind1="1" ind2="7">
    <subfield code="a">Literatura estadounidense </subfield>
    <subfield code="y">Siglo XX </subfield>
    <subfield code="2">ARMARC</subfield>
    <subfield code="9">1048</subfield>
  </datafield>
  <datafield tag="650" ind1="1" ind2="7">
    <subfield code="a">Arte de escribir</subfield>
    <subfield code="2">ARMARC</subfield>
    <subfield code="9">22899</subfield>
  </datafield>
  <datafield tag="650" ind1="1" ind2="7">
    <subfield code="a">Juego de palabras en la literatura </subfield>
    <subfield code="2">ARMARC</subfield>
    <subfield code="9">59248</subfield>
  </datafield>
  <datafield tag="700" ind1="1" ind2=" ">
    <subfield code="a">Montiel Figueiras, Mauricio</subfield>
    <subfield code="e">traductor</subfield>
    <subfield code="9">59249</subfield>
  </datafield>
  <datafield tag="942" ind1=" " ind2=" ">
    <subfield code="2">loc</subfield>
    <subfield code="c">BKLIT</subfield>
  </datafield>
  <datafield tag="999" ind1=" " ind2=" ">
    <subfield code="c">57041</subfield>
    <subfield code="d">57041</subfield>
  </datafield>
  <datafield tag="952" ind1=" " ind2=" ">
    <subfield code="0">0</subfield>
    <subfield code="1">0</subfield>
    <subfield code="2">ddc</subfield>
    <subfield code="4">0</subfield>
    <subfield code="7">0</subfield>
    <subfield code="8">GEN</subfield>
    <subfield code="a">MEGUAMAL</subfield>
    <subfield code="b">MEGUAMAL</subfield>
    <subfield code="c">LIT</subfield>
    <subfield code="d">2025-03-07</subfield>
    <subfield code="l">0</subfield>
    <subfield code="o">C DAV14</subfield>
    <subfield code="p">GUA004886</subfield>
    <subfield code="r">2025-03-07 10:13:15</subfield>
    <subfield code="t">Ej.1</subfield>
    <subfield code="w">2025-03-07</subfield>
    <subfield code="y">BKLIT</subfield>
  </datafield>
  <datafield tag="952" ind1=" " ind2=" ">
    <subfield code="0">0</subfield>
    <subfield code="1">0</subfield>
    <subfield code="2">ddc</subfield>
    <subfield code="4">0</subfield>
    <subfield code="7">0</subfield>
    <subfield code="8">GEN</subfield>
    <subfield code="a">MEGUAMAL</subfield>
    <subfield code="b">MEGUAMAL</subfield>
    <subfield code="c">LIT</subfield>
    <subfield code="d">2025-02-04</subfield>
    <subfield code="l">0</subfield>
    <subfield code="o">C DAV14</subfield>
    <subfield code="p">GUA004887</subfield>
    <subfield code="r">2025-03-07 10:14:35</subfield>
    <subfield code="t">Ej.1</subfield>
    <subfield code="w">2025-03-07</subfield>
    <subfield code="y">BKLIT</subfield>
  </datafield>
  <datafield tag="952" ind1=" " ind2=" ">
    <subfield code="0">0</subfield>
    <subfield code="1">0</subfield>
    <subfield code="2">ddc</subfield>
    <subfield code="4">0</subfield>
    <subfield code="7">0</subfield>
    <subfield code="8">GEN</subfield>
    <subfield code="a">MEPLLERAS</subfield>
    <subfield code="b">MEPLLERAS</subfield>
    <subfield code="c">LIT</subfield>
    <subfield code="d">2025-08-12</subfield>
    <subfield code="l">0</subfield>
    <subfield code="o">C DAV14</subfield>
    <subfield code="p">PLL01146</subfield>
    <subfield code="r">2025-08-12 19:33:00</subfield>
    <subfield code="t">Ej.1</subfield>
    <subfield code="w">2025-08-12</subfield>
    <subfield code="y">BKLIT</subfield>
  </datafield>
  <datafield tag="952" ind1=" " ind2=" ">
    <subfield code="0">0</subfield>
    <subfield code="1">0</subfield>
    <subfield code="2">ddc</subfield>
    <subfield code="4">0</subfield>
    <subfield code="7">0</subfield>
    <subfield code="8">GEN</subfield>
    <subfield code="a">MESGUARO</subfield>
    <subfield code="b">MESGUARO</subfield>
    <subfield code="c">LIT</subfield>
    <subfield code="d">2025-08-19</subfield>
    <subfield code="l">0</subfield>
    <subfield code="o">C DAV14</subfield>
    <subfield code="p">SG03979</subfield>
    <subfield code="r">2025-08-19 16:14:19</subfield>
    <subfield code="t">Ej.1</subfield>
    <subfield code="w">2025-08-19</subfield>
    <subfield code="y">BKLIT</subfield>
  </datafield>
  <datafield tag="952" ind1=" " ind2=" ">
    <subfield code="0">0</subfield>
    <subfield code="1">0</subfield>
    <subfield code="2">ddc</subfield>
    <subfield code="4">0</subfield>
    <subfield code="7">0</subfield>
    <subfield code="8">GEN</subfield>
    <subfield code="a">MEMAPIRI</subfield>
    <subfield code="b">MEMAPIRI</subfield>
    <subfield code="c">LIT</subfield>
    <subfield code="d">2025-08-21</subfield>
    <subfield code="l">0</subfield>
    <subfield code="o">C DAV14</subfield>
    <subfield code="p">MAP00004375</subfield>
    <subfield code="r">2025-08-21 16:03:00</subfield>
    <subfield code="t">Ej.1</subfield>
    <subfield code="w">2025-08-21</subfield>
    <subfield code="y">BKLIT</subfield>
  </datafield>
  <datafield tag="952" ind1=" " ind2=" ">
    <subfield code="0">0</subfield>
    <subfield code="1">0</subfield>
    <subfield code="2">lcc</subfield>
    <subfield code="4">0</subfield>
    <subfield code="7">0</subfield>
    <subfield code="8">GEN</subfield>
    <subfield code="a">MESJUANI</subfield>
    <subfield code="b">MESJUANI</subfield>
    <subfield code="c">LIT</subfield>
    <subfield code="d">2025-08-22</subfield>
    <subfield code="l">0</subfield>
    <subfield code="o">C DAV14</subfield>
    <subfield code="p">SJU01320</subfield>
    <subfield code="r">2025-08-22 22:54:00</subfield>
    <subfield code="t">Ej.1</subfield>
    <subfield code="w">2025-08-22</subfield>
    <subfield code="y">BKLIT</subfield>
  </datafield>
  <datafield tag="952" ind1=" " ind2=" ">
    <subfield code="0">0</subfield>
    <subfield code="1">0</subfield>
    <subfield code="2">ddc</subfield>
    <subfield code="4">0</subfield>
    <subfield code="7">0</subfield>
    <subfield code="8">GEN</subfield>
    <subfield code="a">MEMACARE</subfield>
    <subfield code="b">MEMACARE</subfield>
    <subfield code="c">LIT</subfield>
    <subfield code="d">2025-09-11</subfield>
    <subfield code="l">0</subfield>
    <subfield code="o">C DAV14</subfield>
    <subfield code="p">LM03461</subfield>
    <subfield code="r">2025-09-11 22:01:06</subfield>
    <subfield code="t">Ej.1</subfield>
    <subfield code="w">2025-09-11</subfield>
    <subfield code="y">BKLIT</subfield>
  </datafield>
  <datafield tag="952" ind1=" " ind2=" ">
    <subfield code="0">0</subfield>
    <subfield code="1">0</subfield>
    <subfield code="2">ddc</subfield>
    <subfield code="4">0</subfield>
    <subfield code="7">0</subfield>
    <subfield code="8">GEN</subfield>
    <subfield code="a">MECLANUE</subfield>
    <subfield code="b">MECLANUE</subfield>
    <subfield code="c">GEN</subfield>
    <subfield code="d">2025-09-13</subfield>
    <subfield code="l">0</subfield>
    <subfield code="o">C DAV14</subfield>
    <subfield code="p">CLN00311</subfield>
    <subfield code="r">2025-09-13 13:51:09</subfield>
    <subfield code="t">Ej.1</subfield>
    <subfield code="w">2025-09-13</subfield>
    <subfield code="y">BKLIT</subfield>
  </datafield>
  <datafield tag="952" ind1=" " ind2=" ">
    <subfield code="0">0</subfield>
    <subfield code="1">0</subfield>
    <subfield code="2">ddc</subfield>
    <subfield code="4">0</subfield>
    <subfield code="7">0</subfield>
    <subfield code="8">GEN</subfield>
    <subfield code="a">MECASTIL</subfield>
    <subfield code="b">MECASTIL</subfield>
    <subfield code="c">LIT</subfield>
    <subfield code="d">2025-09-22</subfield>
    <subfield code="l">0</subfield>
    <subfield code="o">C DAV14</subfield>
    <subfield code="p">EC02972</subfield>
    <subfield code="r">2025-09-22 20:53:36</subfield>
    <subfield code="t">Ej.1</subfield>
    <subfield code="w">2025-09-22</subfield>
    <subfield code="y">BKLIT</subfield>
  </datafield>
  <datafield tag="952" ind1=" " ind2=" ">
    <subfield code="0">0</subfield>
    <subfield code="1">0</subfield>
    <subfield code="2">ddc</subfield>
    <subfield code="4">0</subfield>
    <subfield code="7">0</subfield>
    <subfield code="8">GEN</subfield>
    <subfield code="a">MESMARTI</subfield>
    <subfield code="b">MESMARTI</subfield>
    <subfield code="c">GEN</subfield>
    <subfield code="d">2025-09-24</subfield>
    <subfield code="l">0</subfield>
    <subfield code="o">C DAV14</subfield>
    <subfield code="p">SM04150</subfield>
    <subfield code="r">2025-09-24 13:52:26</subfield>
    <subfield code="t">Ej.1</subfield>
    <subfield code="w">2025-09-24</subfield>
    <subfield code="y">BKLIT</subfield>
  </datafield>
  <datafield tag="952" ind1=" " ind2=" ">
    <subfield code="0">0</subfield>
    <subfield code="1">0</subfield>
    <subfield code="2">lcc</subfield>
    <subfield code="4">0</subfield>
    <subfield code="7">0</subfield>
    <subfield code="8">GEN</subfield>
    <subfield code="a">MECABUYA</subfield>
    <subfield code="b">MECABUYA</subfield>
    <subfield code="c">LIT</subfield>
    <subfield code="d">2025-09-26</subfield>
    <subfield code="l">0</subfield>
    <subfield code="o">C DAV14</subfield>
    <subfield code="p">CAB001287</subfield>
    <subfield code="r">2025-09-26 19:48:37</subfield>
    <subfield code="t">Ej.1</subfield>
    <subfield code="w">2025-09-26</subfield>
    <subfield code="y">BKLIT</subfield>
  </datafield>
  <datafield tag="952" ind1=" " ind2=" ">
    <subfield code="0">0</subfield>
    <subfield code="1">0</subfield>
    <subfield code="2">ddc</subfield>
    <subfield code="4">0</subfield>
    <subfield code="7">0</subfield>
    <subfield code="8">GEN</subfield>
    <subfield code="a">MESMARTI</subfield>
    <subfield code="b">MESMARTI</subfield>
    <subfield code="c">GEN</subfield>
    <subfield code="d">2025-09-24</subfield>
    <subfield code="l">0</subfield>
    <subfield code="o">C DAV14</subfield>
    <subfield code="p">SM04253</subfield>
    <subfield code="r">2025-09-30 21:04:10</subfield>
    <subfield code="t">Ej.1</subfield>
    <subfield code="w">2025-09-24</subfield>
    <subfield code="y">BKLIT</subfield>
  </datafield>
  <datafield tag="952" ind1=" " ind2=" ">
    <subfield code="0">0</subfield>
    <subfield code="1">0</subfield>
    <subfield code="2">ddc</subfield>
    <subfield code="4">0</subfield>
    <subfield code="7">0</subfield>
    <subfield code="8">GEN</subfield>
    <subfield code="a">MEURIBE</subfield>
    <subfield code="b">MEURIBE</subfield>
    <subfield code="c">LIT</subfield>
    <subfield code="d">2026-02-03</subfield>
    <subfield code="l">0</subfield>
    <subfield code="o">C DAV14</subfield>
    <subfield code="p">URI03307</subfield>
    <subfield code="r">2026-02-03 19:32:37</subfield>
    <subfield code="t">Ej.1</subfield>
    <subfield code="w">2026-02-03</subfield>
    <subfield code="y">BKLIT</subfield>
  </datafield>
  <datafield tag="952" ind1=" " ind2=" ">
    <subfield code="0">0</subfield>
    <subfield code="1">0</subfield>
    <subfield code="2">ddc</subfield>
    <subfield code="4">0</subfield>
    <subfield code="7">0</subfield>
    <subfield code="8">001</subfield>
    <subfield code="a">MEDORADO</subfield>
    <subfield code="b">MEDORADO</subfield>
    <subfield code="c">LIT</subfield>
    <subfield code="d">2026-02-17</subfield>
    <subfield code="l">0</subfield>
    <subfield code="o">C DAV14</subfield>
    <subfield code="p">DOR03287</subfield>
    <subfield code="r">2026-02-17 20:17:00</subfield>
    <subfield code="t">Ej.1</subfield>
    <subfield code="w">2026-02-17</subfield>
    <subfield code="y">BKLIT</subfield>
  </datafield>
  <datafield tag="952" ind1=" " ind2=" ">
    <subfield code="0">0</subfield>
    <subfield code="1">0</subfield>
    <subfield code="2">ddc</subfield>
    <subfield code="4">0</subfield>
    <subfield code="7">0</subfield>
    <subfield code="8">001</subfield>
    <subfield code="a">MEGRANAD</subfield>
    <subfield code="b">MEGRANAD</subfield>
    <subfield code="c">LIT</subfield>
    <subfield code="d">2026-02-19</subfield>
    <subfield code="e">BIBLIOTECA NACIONAL </subfield>
    <subfield code="l">0</subfield>
    <subfield code="o">C DAV14</subfield>
    <subfield code="p">GRDA08039</subfield>
    <subfield code="r">2026-02-19 21:27:00</subfield>
    <subfield code="t">Ej.1</subfield>
    <subfield code="w">2026-02-19</subfield>
    <subfield code="y">BKLIT</subfield>
  </datafield>
</record>
